| 000 | 01083nam0a22003011 4500 | ||
|---|---|---|---|
| 001 | v19\rc\1683494 | ||
| 005 | 20250619021357.0 | ||
| 035 | _a(NLR Aleph) 004788855 | ||
| 090 |
_a4707489 _c4707489 |
||
| 100 | _a20061002e18961896|||y0rusy50 ca | ||
| 101 | 0 | _arus | |
| 102 | _aRU | ||
| 105 | _ay z ||||| | ||
| 200 | 1 |
_aРодительский кружок в Петербурге _f[Н. Арепьев] |
|
| 210 |
_aМосква _cтипо-лит. В. Рихтер _d1896 |
||
| 215 |
_a19 с. _d23 |
||
| 300 | _aАвт. указан в конце текста | ||
| 300 | _aНа обл. дата: 1897 | ||
| 311 | _aИз журн. "Вестн. воспитания" | ||
| 488 | 0 |
_12001#$aВестник воспитания _tВестник воспитания |
|
| 700 | 1 |
_aАрепьев _bН.Ф. _f1851- _gНиколай Федорович |
|
| 712 | 0 | 2 | _aПетербургский родительский кружок |
| 801 | 0 |
_aRU _bNLR _gpsbo |
|
| 801 | 0 |
_aRU _bRuMoRGB _2psbo |
|
| 801 | 1 |
_aRU _bProSoft-M _2rusmarc |
|
| 852 |
_aNLR _j34.84.8.331 |
||
| 942 | _cBOOK | ||
| 980 | _aNB | ||